Online
Catalog

La Casa de vidrio y otros poemas / (Record no. 4741)

MARC details
000 -CABECERA
campo de control de longitud fija 00709cam a2200205 a 4500
001 - NÚMERO DE CONTROL
campo de control 000004935
005 - FECHA Y HORA DE LA ÚLTIMA TRANSACCIÓN
campo de control 20200929151535.0
008 - DATOS DE LONGITUD FIJA--INFORMACIÓN GENERAL
campo de control de longitud fija 970707s1996 cr 000 p spa
010 ## - NÚMERO DE CONTROL DE LA BIBLIOTECA DEL CONGRESO
Número de control de LC 97169584
040 ## - FUENTE DE LA CATALOGACIÓN
Centro catalogador/agencia de origen DO-SdBNP
Lengua de catalogación spa
Centro/agencia transcriptor BNPHU
082 ## - NÚMERO DE LA CLASIFICACIÓN DECIMAL DEWEY
Número de clasificación ES861.4
Número de documento/Ítem L334c
100 1# - ENTRADA PRINCIPAL--NOMBRE DE PERSONA
Nombre de persona Lars, Claudia,
Fechas asociadas al nombre 1899-1974
9 (RLIN) 14259
245 13 - MENCIÓN DE TÍTULO
Título La Casa de vidrio y otros poemas /
Mención de responsabilidad, etc. Claudia Lars.
260 ## - PUBLICACIÓN, DISTRIBUCIÓN, ETC.
Lugar de publicación, distribución, etc. San Salvador :
Nombre del editor, distribuidor, etc. Consejo Nacional para la Cultura y el Arte,
Fecha de publicación, distribución, etc. 1996.
300 ## - DESCRIPCIÓN FÍSICA
Extensión 92 p. ;
Dimensiones 22 cm.
490 1# - MENCIÓN DE SERIE
Mención de serie Biblioteca básica de literatura salvadoreña
Designación de volumen o secuencia 4
650 #4 - PUNTO DE ACCESO ADICIONAL DE MATERIA--TÉRMINO DE MATERIA
Término de materia o nombre geográfico como elemento de entrada Poesía salvadoreña
9 (RLIN) 12306
650 #4 - PUNTO DE ACCESO ADICIONAL DE MATERIA--TÉRMINO DE MATERIA
Término de materia o nombre geográfico como elemento de entrada Literatura salvadoreña
9 (RLIN) 2929
830 #0 - PUNTO DE ACCESO ADICIONAL DE SERIE-TÍTULO UNIFORME
Título uniforme Biblioteca básica de literatura salvadoreña ;
Número de parte o sección de la obra 4
9 (RLIN) 14260
Holdings
Estado de retiro Estado de pérdida Restricciones de uso No para préstamo Código de colección Localización permanente Ubicación/localización actual Ubicación en estantería Fecha de adquisición Número de inventario Total de préstamos Signatura topográfica completa Código de barras Fecha visto por última vez Precio válido a partir de Tipo de ítem Koha Número de copia
      Excluido de préstamo Monografías: Libros y Folletos General General Depósito 11.09.2009 LF1   ES861.4 L334c 4935-10 25.06.2020 25.06.2020 No se presta  
  Extraviado   Excluido de préstamo Monografías: Libros y Folletos General General Extraviado 26.05.2017 LF1   ES861.4 L334c 4935-20 25.06.2020 25.06.2020 No se presta e. 2

Powered by Koha